Semantics

Wedi'i Gadw mewn:
Manylion Llyfryddiaeth
Prif Awdur: Ngũ Thiện Hùng
Fformat: Llyfr
Iaith:English
Pynciau:
Tagiau: Ychwanegu Tag
Dim Tagiau, Byddwch y cyntaf i dagio'r cofnod hwn!
Thư viện lưu trữ: Mạng thư viện Đại học Đà Nẵng
LEADER 00978cam a22003131a 4500
001 000036069
003 12361
005 20160325000000.0
008 160324s0 enk 000 eng
041 |a eng 
082 |a 425  |b NG-H 
100 |a Ngũ Thiện Hùng 
245 |a Semantics  |c Ngũ Thiện Hùng 
300 |a 86tr . : mh ; 30cm 
650 |a Semantics, ngữ nghĩa, Ngũ Thiện Hùng 
852 |b Chuyên đề  |c Giáo trình 
OWN |a LNN 
AVA |a UDN50  |b LNN  |d 425 NG-H  |e available  |t Error 5001 Not defined in file expand_doc_bib_avail.  |f 1  |g 0  |h N  |i 1  |k 1 
999 |a From the UDN01 
AVA |a UDN50  |b LNN  |d 425 NG-H  |e available  |t Error 5001 Not defined in file expand_doc_bib_avail.  |f 1  |g 0  |h N  |i 1  |k 1 
TYP |a Monograph 
TYP |a Printed language 
980 |a Mạng thư viện Đại học Đà Nẵng